000 00850nam a2200277 a 4500
001 3558425
003 OSt
005 20150706114045.0
008 970605s1992 nr b 001 0 eng
010 _a 97980546
020 _a9781360887
040 _aDLC
_cDLC
042 _alcode
043 _af-ug---
050 0 0 _aKTW97.8
_b.B35 1992
082 0 0 _a346.0682 BAK
_221
100 1 _aBakibinga, D. J.
_9483
245 1 0 _aPartnership law in Uganda /
_cby David J. Bakibinga.
260 _aIle-Ife, Nigeria :
_bObafemi Awolowo University Press,
_c1992.
300 _axxxvi, 147 p. ;
_c29 cm.
504 _aIncludes bibliographical references and index.
650 0 _aPartnership
_zUganda.
_91731
906 _a7
_bcbc
_corigode
_d2
_encip
_f19
_gy-gencatlg
942 _2ddc
_cBK
999 _c597
_d597